Método de comprensión lectora: entender lo que leemos, comunicar lo que entendemos
Guardat en:
| Autor principal: | |
|---|---|
| Format: | Llibre |
| Idioma: | espanyol |
| Publicat: |
Santiago
Catalonia
2015
|
| Edició: | 2a. ed |
| Matèries: | |
| Etiquetes: |
Afegir etiqueta
Sense etiquetes, Sigues el primer a etiquetar aquest registre!
|
MARC
| LEADER | 00000cam a2200000 a 4500 | ||
|---|---|---|---|
| 001 | UCD6289 | ||
| 003 | CL-VaPUC | ||
| 008 | 161124e20151100cl |||||||||||||||||spa|d | ||
| 020 | |a 9789563243185 | ||
| 082 | 0 | 4 | |a 372.41 |b ARR |2 21 |
| 100 | |a Arredondo Guevara, Marcial |e author |9 590066 | ||
| 245 | 1 | 0 | |a Método de comprensión lectora: entender lo que leemos, comunicar lo que entendemos |
| 250 | |a 2a. ed | ||
| 300 | |a 135 p | ||
| 942 | |c BK | ||
| 945 | |d 20161124 22:47:00 |a arojas | ||
| 260 | |a Santiago |b Catalonia |c 2015 | ||
| 500 | |a Incluye claves para la producción de textos | ||
| 650 | 0 | |a Comprensión de lectura |9 307588 | |
| 650 | 0 | |a Métodos de enseñanza |9 270413 | |
| 650 | 7 | |a HABILIDADES EN LECTURA |2 CL-VaPUC |9 567997 | |
| 650 | 0 | |a Comunicación |9 257251 | |
| 583 | |a last modification |c 20161124 22:47:00 |k Rodrigo Vera | ||
| 999 | |c 366646 |d 366644 | ||